00281nam a2200121Ia 4500008004100000100001600041245001400057260004700071300000800118650001100126942000700137999001500144190216s9999||||xx |||||||||||||| ||und|| aSinha R P N 0aOur Trees bPublications Division Govt. Of Indiac1989 a52p aBotany cBK c1115d1115